| 000 -LEADER |
| fixed length control field |
00784nam a2200253Ia 4500 |
| 001 - CONTROL NUMBER |
| control field |
18901 |
| 003 - CONTROL NUMBER IDENTIFIER |
| control field |
GE_BSU |
| 008 - FIXED-LENGTH DATA ELEMENTS--GENERAL INFORMATION |
| fixed length control field |
181216s||||||||xx |||||||||||||| ||und|| |
| 040 ## - CATALOGING SOURCE |
| Transcribing agency |
GE_BSU |
| 080 ## - UNIVERSAL DECIMAL CLASSIFICATION NUMBER |
| Universal Decimal Classification number |
1(075.8) |
| 100 ## - MAIN ENTRY--PERSONAL NAME |
| Personal name |
რამიშვილი, ვალერიან |
| 245 ## - TITLE STATEMENT |
| Title |
ფილოსოფია (II ნაწ.): ძირითადი კურსი. |
| 245 ## - TITLE STATEMENT |
| Statement of responsibility, etc. |
რედ. ირაკლი ბრაჭული |
| 250 ## - EDITION STATEMENT |
| Edition statement |
9789941101496 |
| 260 ## - PUBLICATION, DISTRIBUTION, ETC. |
| Place of publication, distribution, etc. |
თბილისი |
| 260 ## - PUBLICATION, DISTRIBUTION, ETC. |
| Name of publisher, distributor, etc. |
მერიდიანი |
| 260 ## - PUBLICATION, DISTRIBUTION, ETC. |
| Date of publication, distribution, etc. |
2009 |
| 300 ## - PHYSICAL DESCRIPTION |
| Extent |
257გვ. |
| 653 ## - INDEX TERM--UNCONTROLLED |
| Uncontrolled term |
ფილოსოფია |
| 653 ## - INDEX TERM--UNCONTROLLED |
| Uncontrolled term |
ქსეროქსი |
| 653 ## - INDEX TERM--UNCONTROLLED |
| Uncontrolled term |
ძირითადი კურსი. |
| 942 ## - ADDED ENTRY ELEMENTS (KOHA) |
| Koha item type |
წიგნი |